Vista normal Vista MARC

Entrada Topical Term

Número de registros utilizados en: 1

001 - CONTROL NUMBER

  • control field: 44631

003 - CONTROL NUMBER IDENTIFIER

  • control field: OSt

005 - DATE AND TIME OF LATEST TRANSACTION

  • control field: 20260424110458.0

008 - FIXED-LENGTH DATA ELEMENTS

  • fixed length control field: 260424|| aca||aabn | a|a d

040 ## - CATALOGING SOURCE

  • Original cataloging agency: OSt
  • Transcribing agency: OSt

150 ## - HEADING--TOPICAL TERM

  • Topical term or geographic name entry element: Gestión y evaluación
  • General subdivision: Inversión

670 ## - SOURCE DATA FOUND

  • Source citation: Work cat.: (OSt)31180: Martínez Abascal, Eduardo, autor 44629, Invertir en bolsa : , 1999.